<?xml version="1.0" encoding="UTF-8"?>
<record
    xmlns:xsi="http://www.w3.org/2001/XMLSchema-instance"
    xsi:schemaLocation="http://www.loc.gov/MARC21/slim http://www.loc.gov/standards/marcxml/schema/MARC21slim.xsd"
    xmlns="http://www.loc.gov/MARC21/slim">

  <leader>00825aas a2200277 i 4500</leader>
  <controlfield tag="001">162825</controlfield>
  <controlfield tag="003">CO-MdUADB</controlfield>
  <controlfield tag="005">20260317110604.0</controlfield>
  <controlfield tag="007">ta</controlfield>
  <controlfield tag="008">980216c19769999ck uu p r           spa d</controlfield>
  <datafield tag="022" ind1="0" ind2=" ">
    <subfield code="a">0121-5639</subfield>
  </datafield>
  <datafield tag="035" ind1=" " ind2=" ">
    <subfield code="a">162825</subfield>
  </datafield>
  <datafield tag="040" ind1=" " ind2=" ">
    <subfield code="a">CO-MdUADB</subfield>
    <subfield code="b">spa</subfield>
    <subfield code="c">CO-MdUADB</subfield>
    <subfield code="e">rda</subfield>
  </datafield>
  <datafield tag="041" ind1="0" ind2=" ">
    <subfield code="a">spa</subfield>
  </datafield>
  <datafield tag="245" ind1="0" ind2="0">
    <subfield code="a">ArtNexus (Bogot&#xE1;)</subfield>
  </datafield>
  <datafield tag="264" ind1=" " ind2="1">
    <subfield code="a">Bogot&#xE1; :</subfield>
    <subfield code="b">[Fundaci&#xF3;n ArtNexus],</subfield>
    <subfield code="c">1976-</subfield>
  </datafield>
  <datafield tag="300" ind1=" " ind2=" ">
    <subfield code="a">Vol&#xFA;menes y n&#xFA;meros :</subfield>
    <subfield code="b">ilustraciones, fotograf&#xED;as</subfield>
  </datafield>
  <datafield tag="336" ind1=" " ind2=" ">
    <subfield code="2">rdacontent</subfield>
    <subfield code="a">texto</subfield>
    <subfield code="b">txt</subfield>
  </datafield>
  <datafield tag="337" ind1=" " ind2=" ">
    <subfield code="2">rdamedia</subfield>
    <subfield code="a">no mediado</subfield>
    <subfield code="b">n</subfield>
  </datafield>
  <datafield tag="338" ind1=" " ind2=" ">
    <subfield code="2">rdacarrier</subfield>
    <subfield code="a">volumen</subfield>
    <subfield code="b">nc</subfield>
  </datafield>
  <datafield tag="362" ind1="0" ind2=" ">
    <subfield code="a">A&#xF1;o 1 No.1 Julio 1976</subfield>
  </datafield>
  <datafield tag="650" ind1=" " ind2="7">
    <subfield code="a">Artes</subfield>
    <subfield code="v">Publicaciones seriadas</subfield>
    <subfield code="2">lemb</subfield>
    <subfield code="9">872037</subfield>
  </datafield>
  <datafield tag="787" ind1="0" ind2="8">
    <subfield code="i">V&#xE9;ase adem&#xE1;s</subfield>
    <subfield code="t">ArtNexus : Arte en Colombia (Bogot&#xE1;)</subfield>
    <subfield code="d">1994</subfield>
    <subfield code="w">5746</subfield>
  </datafield>
  <datafield tag="942" ind1=" " ind2=" ">
    <subfield code="c">REVISTA</subfield>
    <subfield code="2">FAC</subfield>
  </datafield>
  <datafield tag="999" ind1=" " ind2=" ">
    <subfield code="c">179717</subfield>
    <subfield code="d">179717</subfield>
  </datafield>
  <datafield tag="952" ind1=" " ind2=" ">
    <subfield code="0">0</subfield>
    <subfield code="1">0</subfield>
    <subfield code="4">0</subfield>
    <subfield code="7">0</subfield>
    <subfield code="8">HEMEROTECA</subfield>
    <subfield code="a">BC</subfield>
    <subfield code="b">BC</subfield>
    <subfield code="c">EST02A</subfield>
    <subfield code="h">N&#xFA;mero 028, Abril-Junio 1998</subfield>
    <subfield code="l">0</subfield>
    <subfield code="p">6-10000003063421</subfield>
    <subfield code="y">REVISTAI</subfield>
  </datafield>
  <datafield tag="952" ind1=" " ind2=" ">
    <subfield code="0">0</subfield>
    <subfield code="1">0</subfield>
    <subfield code="4">0</subfield>
    <subfield code="7">0</subfield>
    <subfield code="8">HEMEROTECA</subfield>
    <subfield code="a">BC</subfield>
    <subfield code="b">BC</subfield>
    <subfield code="c">EST02A</subfield>
    <subfield code="h">Volumen 09, N&#xFA;mero 076, Marzo-Mayo 2010</subfield>
    <subfield code="l">0</subfield>
    <subfield code="p">0746608</subfield>
    <subfield code="y">REVISTAI</subfield>
  </datafield>
  <datafield tag="952" ind1=" " ind2=" ">
    <subfield code="0">0</subfield>
    <subfield code="1">0</subfield>
    <subfield code="4">0</subfield>
    <subfield code="7">0</subfield>
    <subfield code="8">HEMEROTECA</subfield>
    <subfield code="a">BC</subfield>
    <subfield code="b">BC</subfield>
    <subfield code="c">EST02A</subfield>
    <subfield code="h">Volumen 13, N&#xFA;mero 093, Junio-Agosto 2014</subfield>
    <subfield code="l">0</subfield>
    <subfield code="p">0996356</subfield>
    <subfield code="y">REVISTAI</subfield>
  </datafield>
  <datafield tag="952" ind1=" " ind2=" ">
    <subfield code="0">0</subfield>
    <subfield code="1">0</subfield>
    <subfield code="4">0</subfield>
    <subfield code="7">0</subfield>
    <subfield code="8">HEMEROTECA</subfield>
    <subfield code="a">BC</subfield>
    <subfield code="b">BC</subfield>
    <subfield code="c">EST02A</subfield>
    <subfield code="h">Volumen 09, N&#xFA;mero 077, Junio-Agosto 2010</subfield>
    <subfield code="l">0</subfield>
    <subfield code="p">0747472</subfield>
    <subfield code="y">REVISTAI</subfield>
  </datafield>
  <datafield tag="952" ind1=" " ind2=" ">
    <subfield code="0">0</subfield>
    <subfield code="1">0</subfield>
    <subfield code="4">0</subfield>
    <subfield code="7">0</subfield>
    <subfield code="8">HEMEROTECA</subfield>
    <subfield code="a">BC</subfield>
    <subfield code="b">BC</subfield>
    <subfield code="c">EST02A</subfield>
    <subfield code="h">Volumen 11, N&#xFA;mero 086, Septiembre-Noviembre 2012</subfield>
    <subfield code="l">0</subfield>
    <subfield code="p">93928</subfield>
    <subfield code="r">2025-05-22 16:51:55</subfield>
    <subfield code="y">REVISTAI</subfield>
  </datafield>
  <datafield tag="952" ind1=" " ind2=" ">
    <subfield code="0">0</subfield>
    <subfield code="1">0</subfield>
    <subfield code="4">0</subfield>
    <subfield code="7">0</subfield>
    <subfield code="8">HEMEROTECA</subfield>
    <subfield code="a">BC</subfield>
    <subfield code="b">BC</subfield>
    <subfield code="c">EST02A</subfield>
    <subfield code="h">Volumen 05, N&#xFA;mero 062, Octubre-Diciembre 2006</subfield>
    <subfield code="l">0</subfield>
    <subfield code="p">0716790</subfield>
    <subfield code="y">REVISTAI</subfield>
  </datafield>
  <datafield tag="952" ind1=" " ind2=" ">
    <subfield code="0">0</subfield>
    <subfield code="1">0</subfield>
    <subfield code="4">0</subfield>
    <subfield code="7">0</subfield>
    <subfield code="8">HEMEROTECA</subfield>
    <subfield code="a">BC</subfield>
    <subfield code="b">BC</subfield>
    <subfield code="c">EST02A</subfield>
    <subfield code="h">Volumen 07, N&#xFA;mero 070, Septiembre-Noviembre 2008</subfield>
    <subfield code="l">0</subfield>
    <subfield code="p">0681206</subfield>
    <subfield code="y">REVISTAI</subfield>
  </datafield>
  <datafield tag="952" ind1=" " ind2=" ">
    <subfield code="0">0</subfield>
    <subfield code="1">0</subfield>
    <subfield code="4">0</subfield>
    <subfield code="7">0</subfield>
    <subfield code="8">HEMEROTECA</subfield>
    <subfield code="a">BC</subfield>
    <subfield code="b">BC</subfield>
    <subfield code="c">EST02A</subfield>
    <subfield code="h">Volumen 06, N&#xFA;mero 064, Abril-Junio 2007</subfield>
    <subfield code="l">0</subfield>
    <subfield code="p">0719276</subfield>
    <subfield code="y">REVISTAI</subfield>
  </datafield>
  <datafield tag="952" ind1=" " ind2=" ">
    <subfield code="0">0</subfield>
    <subfield code="1">0</subfield>
    <subfield code="4">0</subfield>
    <subfield code="7">0</subfield>
    <subfield code="8">HEMEROTECA</subfield>
    <subfield code="a">BC</subfield>
    <subfield code="b">BC</subfield>
    <subfield code="c">EST02A</subfield>
    <subfield code="h">Volumen 08, N&#xFA;mero 072, Marzo-Mayo 2009</subfield>
    <subfield code="l">0</subfield>
    <subfield code="p">0693232</subfield>
    <subfield code="y">REVISTAI</subfield>
  </datafield>
  <datafield tag="952" ind1=" " ind2=" ">
    <subfield code="0">0</subfield>
    <subfield code="1">0</subfield>
    <subfield code="4">0</subfield>
    <subfield code="7">0</subfield>
    <subfield code="8">HEMEROTECA</subfield>
    <subfield code="a">BC</subfield>
    <subfield code="b">BC</subfield>
    <subfield code="c">EST02A</subfield>
    <subfield code="h">Volumen 13, N&#xFA;mero 095, Diciembre 2014-Febrero 2015</subfield>
    <subfield code="l">0</subfield>
    <subfield code="p">01010429</subfield>
    <subfield code="y">REVISTAI</subfield>
  </datafield>
  <datafield tag="952" ind1=" " ind2=" ">
    <subfield code="0">0</subfield>
    <subfield code="1">0</subfield>
    <subfield code="4">0</subfield>
    <subfield code="7">0</subfield>
    <subfield code="8">HEMEROTECA</subfield>
    <subfield code="a">BC</subfield>
    <subfield code="b">BC</subfield>
    <subfield code="c">EST02A</subfield>
    <subfield code="h">Volumen 06, N&#xFA;mero 063, Diciembre 2006-Febrero 2007</subfield>
    <subfield code="l">0</subfield>
    <subfield code="p">61000005189190</subfield>
    <subfield code="y">REVISTAI</subfield>
  </datafield>
  <datafield tag="952" ind1=" " ind2=" ">
    <subfield code="0">0</subfield>
    <subfield code="1">0</subfield>
    <subfield code="4">0</subfield>
    <subfield code="7">0</subfield>
    <subfield code="8">HEMEROTECA</subfield>
    <subfield code="a">BC</subfield>
    <subfield code="b">BC</subfield>
    <subfield code="c">EST02A</subfield>
    <subfield code="h">Volumen 11, N&#xFA;mero 085, Junio-Agosto 2012</subfield>
    <subfield code="l">0</subfield>
    <subfield code="p">82101</subfield>
    <subfield code="r">2025-05-22 16:52:50</subfield>
    <subfield code="y">REVISTAI</subfield>
  </datafield>
  <datafield tag="952" ind1=" " ind2=" ">
    <subfield code="0">0</subfield>
    <subfield code="1">0</subfield>
    <subfield code="4">0</subfield>
    <subfield code="7">0</subfield>
    <subfield code="8">HEMEROTECA</subfield>
    <subfield code="a">BC</subfield>
    <subfield code="b">BC</subfield>
    <subfield code="c">EST02A</subfield>
    <subfield code="h">N&#xFA;mero 029, Julio-Septiembre 1998</subfield>
    <subfield code="l">0</subfield>
    <subfield code="p">6-391468</subfield>
    <subfield code="y">REVISTAI</subfield>
  </datafield>
  <datafield tag="952" ind1=" " ind2=" ">
    <subfield code="0">0</subfield>
    <subfield code="1">0</subfield>
    <subfield code="4">0</subfield>
    <subfield code="7">0</subfield>
    <subfield code="8">HEMEROTECA</subfield>
    <subfield code="a">BC</subfield>
    <subfield code="b">BC</subfield>
    <subfield code="c">EST02A</subfield>
    <subfield code="h">Volumen 05, N&#xFA;mero 061, Junio-Agosto 2006</subfield>
    <subfield code="l">0</subfield>
    <subfield code="p">0716789</subfield>
    <subfield code="y">REVISTAI</subfield>
  </datafield>
  <datafield tag="952" ind1=" " ind2=" ">
    <subfield code="0">0</subfield>
    <subfield code="1">0</subfield>
    <subfield code="4">0</subfield>
    <subfield code="7">0</subfield>
    <subfield code="8">HEMEROTECA</subfield>
    <subfield code="a">BC</subfield>
    <subfield code="b">BC</subfield>
    <subfield code="c">EST02A</subfield>
    <subfield code="h">Volumen 06, N&#xFA;mero 065, Junio-Agosto 2007</subfield>
    <subfield code="l">0</subfield>
    <subfield code="p">0705038</subfield>
    <subfield code="y">REVISTAI</subfield>
  </datafield>
  <datafield tag="952" ind1=" " ind2=" ">
    <subfield code="0">0</subfield>
    <subfield code="1">0</subfield>
    <subfield code="4">0</subfield>
    <subfield code="7">0</subfield>
    <subfield code="8">HEMEROTECA</subfield>
    <subfield code="a">BC</subfield>
    <subfield code="b">BC</subfield>
    <subfield code="c">EST02A</subfield>
    <subfield code="h">Volumen 07, N&#xFA;mero 071, Diciembre 2008-Febrero 2009</subfield>
    <subfield code="l">0</subfield>
    <subfield code="p">0687778</subfield>
    <subfield code="y">REVISTAI</subfield>
  </datafield>
  <datafield tag="952" ind1=" " ind2=" ">
    <subfield code="0">0</subfield>
    <subfield code="1">0</subfield>
    <subfield code="4">0</subfield>
    <subfield code="7">0</subfield>
    <subfield code="8">HEMEROTECA</subfield>
    <subfield code="a">BC</subfield>
    <subfield code="b">BC</subfield>
    <subfield code="c">EST02A</subfield>
    <subfield code="h">Volumen 11, N&#xFA;mero 084, Marzo-Mayo 2012</subfield>
    <subfield code="l">0</subfield>
    <subfield code="p">82954</subfield>
    <subfield code="y">REVISTAI</subfield>
  </datafield>
  <datafield tag="952" ind1=" " ind2=" ">
    <subfield code="0">0</subfield>
    <subfield code="1">0</subfield>
    <subfield code="4">0</subfield>
    <subfield code="7">0</subfield>
    <subfield code="8">HEMEROTECA</subfield>
    <subfield code="a">BC</subfield>
    <subfield code="b">BC</subfield>
    <subfield code="c">EST02A</subfield>
    <subfield code="h">Volumen 08, N&#xFA;mero 074, Septiembre-Noviembre 2009</subfield>
    <subfield code="l">0</subfield>
    <subfield code="p">0744161</subfield>
    <subfield code="y">REVISTAI</subfield>
  </datafield>
  <datafield tag="952" ind1=" " ind2=" ">
    <subfield code="0">0</subfield>
    <subfield code="1">0</subfield>
    <subfield code="4">0</subfield>
    <subfield code="7">0</subfield>
    <subfield code="8">HEMEROTECA</subfield>
    <subfield code="a">BC</subfield>
    <subfield code="b">BC</subfield>
    <subfield code="c">EST02A</subfield>
    <subfield code="h">Volumen 06, N&#xFA;mero 066, Septiembre-Noviembre 2007</subfield>
    <subfield code="l">0</subfield>
    <subfield code="p">0712502</subfield>
    <subfield code="y">REVISTAI</subfield>
  </datafield>
  <datafield tag="952" ind1=" " ind2=" ">
    <subfield code="0">0</subfield>
    <subfield code="1">0</subfield>
    <subfield code="4">0</subfield>
    <subfield code="7">0</subfield>
    <subfield code="8">HEMEROTECA</subfield>
    <subfield code="a">BC</subfield>
    <subfield code="b">BC</subfield>
    <subfield code="c">EST02A</subfield>
    <subfield code="h">Volumen 07, N&#xFA;mero 068, Marzo-Mayo 2008</subfield>
    <subfield code="l">0</subfield>
    <subfield code="p">0723711</subfield>
    <subfield code="y">REVISTAI</subfield>
  </datafield>
  <datafield tag="952" ind1=" " ind2=" ">
    <subfield code="0">0</subfield>
    <subfield code="1">0</subfield>
    <subfield code="4">0</subfield>
    <subfield code="7">0</subfield>
    <subfield code="8">HEMEROTECA</subfield>
    <subfield code="a">BC</subfield>
    <subfield code="b">BC</subfield>
    <subfield code="c">EST02A</subfield>
    <subfield code="h">Volumen 13, N&#xFA;mero 094, Septiembre-Noviembre 2014</subfield>
    <subfield code="l">0</subfield>
    <subfield code="p">01001686</subfield>
    <subfield code="y">REVISTAI</subfield>
  </datafield>
  <datafield tag="952" ind1=" " ind2=" ">
    <subfield code="0">0</subfield>
    <subfield code="1">0</subfield>
    <subfield code="4">0</subfield>
    <subfield code="7">0</subfield>
    <subfield code="8">HEMEROTECA</subfield>
    <subfield code="a">BC</subfield>
    <subfield code="b">BC</subfield>
    <subfield code="c">EST02A</subfield>
    <subfield code="h">Volumen 08, N&#xFA;mero 073, Junio-Agosto 2009</subfield>
    <subfield code="l">0</subfield>
    <subfield code="p">0683005</subfield>
    <subfield code="y">REVISTAI</subfield>
  </datafield>
  <datafield tag="952" ind1=" " ind2=" ">
    <subfield code="0">0</subfield>
    <subfield code="1">0</subfield>
    <subfield code="4">0</subfield>
    <subfield code="7">0</subfield>
    <subfield code="8">HEMEROTECA</subfield>
    <subfield code="a">BC</subfield>
    <subfield code="b">BC</subfield>
    <subfield code="c">EST02A</subfield>
    <subfield code="h">N&#xFA;mero 027, Enero-Marzo 1998</subfield>
    <subfield code="l">0</subfield>
    <subfield code="p">6-328507</subfield>
    <subfield code="y">REVISTAI</subfield>
  </datafield>
  <datafield tag="952" ind1=" " ind2=" ">
    <subfield code="0">0</subfield>
    <subfield code="1">0</subfield>
    <subfield code="4">0</subfield>
    <subfield code="7">0</subfield>
    <subfield code="8">HEMEROTECA</subfield>
    <subfield code="a">BC</subfield>
    <subfield code="b">BC</subfield>
    <subfield code="c">EST02A</subfield>
    <subfield code="h">Volumen 08, N&#xFA;mero 075, Diciembre 2009-Febrero 2010</subfield>
    <subfield code="l">0</subfield>
    <subfield code="p">0745136</subfield>
    <subfield code="y">REVISTAI</subfield>
  </datafield>
  <datafield tag="952" ind1=" " ind2=" ">
    <subfield code="0">0</subfield>
    <subfield code="1">0</subfield>
    <subfield code="4">0</subfield>
    <subfield code="7">0</subfield>
    <subfield code="8">HEMEROTECA</subfield>
    <subfield code="a">BC</subfield>
    <subfield code="b">BC</subfield>
    <subfield code="c">EST02A</subfield>
    <subfield code="h">Volumen 11, N&#xFA;mero 087, Diciembre 2012-Febrero 2013</subfield>
    <subfield code="l">0</subfield>
    <subfield code="p">805461</subfield>
    <subfield code="r">2025-05-22 16:51:42</subfield>
    <subfield code="y">REVISTA</subfield>
  </datafield>
  <datafield tag="952" ind1=" " ind2=" ">
    <subfield code="0">0</subfield>
    <subfield code="1">0</subfield>
    <subfield code="4">0</subfield>
    <subfield code="7">0</subfield>
    <subfield code="8">HEMEROTECA</subfield>
    <subfield code="a">BC</subfield>
    <subfield code="b">BC</subfield>
    <subfield code="c">EST02A</subfield>
    <subfield code="h">Volumen 07, N&#xFA;mero 069, Junio-Agosto 2008</subfield>
    <subfield code="l">0</subfield>
    <subfield code="p">0729002</subfield>
    <subfield code="y">REVISTAI</subfield>
  </datafield>
  <datafield tag="952" ind1=" " ind2=" ">
    <subfield code="0">0</subfield>
    <subfield code="1">0</subfield>
    <subfield code="4">0</subfield>
    <subfield code="7">0</subfield>
    <subfield code="8">HEMEROTECA</subfield>
    <subfield code="a">BC</subfield>
    <subfield code="b">BC</subfield>
    <subfield code="c">EST02A</subfield>
    <subfield code="h">N&#xFA;mero 030, Octubre-Diciembre 1998</subfield>
    <subfield code="l">0</subfield>
    <subfield code="p">6-393971</subfield>
    <subfield code="y">REVISTAI</subfield>
  </datafield>
  <datafield tag="952" ind1=" " ind2=" ">
    <subfield code="0">0</subfield>
    <subfield code="1">0</subfield>
    <subfield code="4">0</subfield>
    <subfield code="7">0</subfield>
    <subfield code="8">HEMEROTECA</subfield>
    <subfield code="a">BC</subfield>
    <subfield code="b">BC</subfield>
    <subfield code="c">EST02A</subfield>
    <subfield code="h">Volumen 09, N&#xFA;mero 078, Septiembre-Noviembre 2010</subfield>
    <subfield code="l">0</subfield>
    <subfield code="p">0760113</subfield>
    <subfield code="y">REVISTAI</subfield>
  </datafield>
  <datafield tag="952" ind1=" " ind2=" ">
    <subfield code="0">0</subfield>
    <subfield code="1">0</subfield>
    <subfield code="4">0</subfield>
    <subfield code="7">0</subfield>
    <subfield code="8">HEMEROTECA</subfield>
    <subfield code="a">BC</subfield>
    <subfield code="b">BC</subfield>
    <subfield code="c">EST02A</subfield>
    <subfield code="h">Volumen 06, N&#xFA;mero 067, Diciembre 2007-Febrero 2008</subfield>
    <subfield code="l">0</subfield>
    <subfield code="p">0723254</subfield>
    <subfield code="y">REVISTAI</subfield>
  </datafield>
  <datafield tag="952" ind1=" " ind2=" ">
    <subfield code="0">0</subfield>
    <subfield code="1">0</subfield>
    <subfield code="4">0</subfield>
    <subfield code="7">0</subfield>
    <subfield code="8">HEMEROTECA</subfield>
    <subfield code="a">BC</subfield>
    <subfield code="b">BC</subfield>
    <subfield code="c">EST02A</subfield>
    <subfield code="h">Volumen 13, N&#xFA;mero 092, Marzo-Mayo 2014</subfield>
    <subfield code="l">0</subfield>
    <subfield code="p">0994317</subfield>
    <subfield code="y">REVISTAI</subfield>
  </datafield>
</record>
